| 000 | 00692nam a22001695i 4500 | ||
|---|---|---|---|
| 001 | 164587 | ||
| 003 | ES-MaACL | ||
| 005 | 20230906212950.0 | ||
| 008 | 931229s1869 sp |||| | spa d | ||
| 040 |
_aCAT _bspa _cCAT _dCCPB |
||
| 080 | _a342 | ||
| 100 | 1 |
_aSánchez del Real, Andrés. _9133034 |
|
| 245 | 1 | 0 |
_aA Dios lo de Dios y al César lo del César _b: folleto sobre la libertad de cultos / _cpor Andrés Sánchez del Real. |
| 260 |
_aBarcelona : _bEstablecimiento Tipográfico-Editorial de Manero, _c1869. |
||
| 300 |
_a99 p. ; _c17 cm. |
||
| 852 |
_aES-MaACL _jFol-Laf-528 _z-- Rust. _z-- Legado M. de la Fuente _x-- Edic.: En la cub. consta la serie: Biblioteca Revolucionaria, 5 |
||
| 999 |
_c164587 _d164587 |
||